000 00636nam a2200205 i 4500
001 bgj
100 1 _aKAROLAK, Tadeusz
245 1 0 _aJohn Paul II, the pope from Poland /
_cTadeusz Karolak.
260 _aWarsaw :
_bInterpress Publishers,
_c1979.
300 _a157 pp :
_bill. [some col.], ports ;
_c30 cm.
500 _aTranslation of "Jan Paweł II, papież z Polski".
505 _aIncludes mini-album "Pope John Paul II in Poland".
600 1 9 _aJohn Paul II, Pope, 1920-2005
650 9 _aPopes
655 _aBiographies
040 _cBPK
041 1 _aeng
_hpl
942 _cKS
008 s uk f |000 0 eng
999 _c48839
_d48839
856 _uhttp://koha.tu.koszalin.pl/cgi-bin/koha/opac-detail.pl?biblionumber=48839
_yKatalog online BPK